La carta anunciando el descubrimiento /
| Main Author: | |
|---|---|
| Format: | Electronic eBook |
| Language: | Spanish |
| Published: |
Barcelona :
www.linkgua.com,
2011.
Barcelona : www.linkgua-digital.com, 2017. |
| Series: | Memoria (Linkgua Ediciones)
Linkgua historia ; 113. |
| Subjects: | |
| Online Access: | Digitalia Hispánica |
MARC
| LEADER | 00000cam a2200000Ii 4500 | ||
|---|---|---|---|
| 001 | DIGLINK00686 | ||
| 003 | NyNyDIG | ||
| 006 | m o d | ||
| 007 | cr ||||||||||| | ||
| 008 | 140201s2011 sp o 000 0 spa d | ||
| 040 | |a DGITA |b eng |e rda |e pn |c DGITA | ||
| 020 | |a 9788498976458 |q (eBook) | ||
| 020 | |a 8498976456 |q (eBook) | ||
| 020 | |z 9788496290112 |q (rústica) | ||
| 020 | |z 8496290115 |q (rústica) | ||
| 035 | |a (OCoLC)892655812 | ||
| 043 | |a n------ |a s------ |a e-sp--- | ||
| 050 | 1 | 4 | |a E115 ebook |
| 082 | 0 | 4 | |a 970.015 |
| 100 | 1 | |a Columbus, Christopher, |e author. | |
| 240 | 1 | 0 | |a Carta (Feb. 18, 1493) |
| 245 | 1 | 3 | |a La carta anunciando el descubrimiento / |c Cristobal Colon. |
| 246 | 1 | 4 | |a Carta de Colón anunciando el descubrimiento |
| 264 | 1 | |3 PDF |a Barcelona : |b www.linkgua.com, |c 2011. | |
| 264 | 1 | |3 ePUB |a Barcelona : |b www.linkgua-digital.com, |c 2017. | |
| 300 | |a 1 online resource. | ||
| 336 | |a text |b txt |2 rdacontent | ||
| 337 | |a computer |b c |2 rdamedia | ||
| 338 | |a online resource |b cr |2 rdacarrier | ||
| 347 | |a text file |2 rdaft | ||
| 347 | |b EPUB | ||
| 347 | |b PDF | ||
| 490 | 1 | |3 PDF |a Memoria | |
| 490 | 1 | |3 ePUB |a Linkgua Historia ; |v 113 | |
| 588 | 0 | |a Online resource; title from PDF title page (viewed October 9, 2014). | |
| 600 | 1 | 0 | |a Columbus, Christopher |v Correspondence. |
| 651 | 0 | |a America |x Discovery and exploration |x Spanish. | |
| 651 | 0 | |a America |v Early accounts to 1600. | |
| 650 | 0 | |a Explorers |z America |v Correspondence. | |
| 650 | 0 | |a Explorers |z Spain |v Correspondence. | |
| 655 | 0 | |a Electronic books. | |
| 791 | 2 | |a Digitalia (Firm), |e distributor. | |
| 793 | 0 | |g Digitalia eBook Collection: |a Linkgua | |
| 830 | 0 | |3 PDF |a Memoria (Linkgua Ediciones) | |
| 830 | 0 | |3 ePUB |a Linkgua historia ; |v 113. | |
| 856 | 4 | 0 | |3 Digitalia Hispánica |u https://www.digitaliapublishing.com/a/16602/ |
| 910 | |a Premium Collection: 2007-2012 | ||


